| 000 | 01054nam a2200265Ia 4500 | ||
|---|---|---|---|
| 005 | 20240530110105.0 | ||
| 008 | 140319s1963 xx 000 0 ara d | ||
| 040 |
_aGCL / _cGCL |
||
| 082 | 0 | 4 |
_a509 / _bس ت |
| 100 | 1 | _aسارتون ، جورج | |
| 245 | 1 | 0 |
_aتاريخ العلم : _bالعلم القديم فى العصر الذهبى لليونان / _cسارتون ، جورج _nالجزء الاول الى الجزء السادس |
| 260 |
_aالقاهرة : _bدار المعارف، _c1963 |
||
| 300 |
_aمتعدد ص؛ _b24 سم |
||
| 500 | _aتاريخ العلم 6 اجزاء | ||
| 650 | 0 | 4 | _aتاريخ |
| 650 | 0 | 4 | _aالحضارة الفرعونية |
| 650 | 0 | 4 | _aاليونان |
| 650 | 0 | 4 | _aالحضارة الهيلينية |
| 700 | 1 |
_aمحمد كامل حسين _eمترجم |
|
| 700 | 1 |
_aقسطنطين زريق _eمترجم |
|
| 700 | 1 |
_aابراهيم بيومى مدكور _eمترجم |
|
| 700 | 1 |
_aمحمد مصطفى زيادة _eمترجم |
|
| 942 |
_2ddc _cBK |
||
| 999 |
_c58446 _d58446 |
||